Novísima recopilación de disposiciones aduaneras

Guardat en:
Dades bibliogràfiques
Autors principals: Olguín, Arsenio (autor), Green, Marcos Walton (Autor)
Format: Llibre
Idioma:espanyol
Publicat: Valparaíso Escuela Tipográfica Salesiana 1914
Matèries:
Etiquetes: Afegir etiqueta
Sense etiquetes, Sigues el primer a etiquetar aquest registre!

MARC

LEADER 00000nam a2200000 a 4500
001 UCR4262
003 CL-VaPUC
008 980307e19140000CL |||||||||||||||||spa|d
082 0 4 |a 343.056  |b OLG  |2 21 
100 |a Olguín, Arsenio  |e autor  |9 404068 
700 0 |a Green, Marcos Walton  |e author  |9 404069 
245 1 0 |a Novísima recopilación de disposiciones aduaneras 
300 |a 1083 p 
942 |c BK 
945 |d 19980307 00:00:00  |a crobeson 
260 |a Valparaíso  |b Escuela Tipográfica Salesiana  |c 1914 
650 0 |a Derecho aduanero  |9 324531 
650 7 |a LEGISLACION ADUANERA  |2 CL-VaPUC  |9 404070 
650 0 |a Puertos  |9 260105 
650 7 |a TRANSITO INTERNACIONAL  |2 CL-VaPUC  |9 404071 
650 0 |a Zonas y puertos francos  |9 388579 
650 0 |a Exportación  |9 351066 
650 7 |a COMERCIO INTERNACIONAL  |2 CL-VaPUC  |9 404072 
650 0 |a Comercio  |9 255341 
650 7 |a MERCADERIAS  |2 CL-VaPUC  |9 404073 
650 0 |a Derecho marítimo  |9 255301 
583 |a last modification  |c 19980307 00:00:00  |k Rodrigo Vera 
999 |c 267210  |d 267208 
952 |0 0  |1 0  |4 0  |6 343_056000000000000_OLG_1914  |7 0  |8 X  |9 299436  |a BIBDER  |b BIBDER  |d 2019-11-20  |i 1948679  |o 343.056 OLG 1914  |p 1948679  |r 2023-01-25  |w 2019-11-20  |y BK_X  |k DER 
952 |0 0  |1 0  |4 0  |6 343_056000000000000_OLG_1914  |7 0  |8 X  |9 299437  |a BIBDER  |b BIBDER  |d 2019-11-20  |i 1948806  |o 343.056 OLG 1914  |p 1948806  |r 2023-01-25  |w 2019-11-20  |y BK_X  |k DER